Guía visual del mundo vegetal / (Registro nro. 11572)

Detalles MARC
000 -LIDER
fixed length control field 01619cam a22003373a 4500
001 - NÚMERO DE CONTROL
Identificador de número de control 0000722
003 - IDENTIFICACDOR DE NÚMERO DE CONTROL
control field DO-SdBNP
005 - DATE AND TIME OF LATEST TRANSACTION
control field 20171109124625.0
007 - CAMPOS FIJOS DE DESCRIPCIÓN FÍSICA
fixed length control field 0000722
008 - ELEMENTOS DE LONGITUD FIJA
fixed length control field 861112 2009 ag ac 000 0 spa d
010 ## - NUMERO DE CONTROL DE BIBLIOTECA DEL CONGRESO
LC control number
020 ## - ISBN
International Standard Book Number 9789507715723
040 ## - FUENTE DE CATALOGACIÓN
Agencia que crea de manera original el registro BPMSU
Agencia que realiza la transcripción spa
Agencia que realiza la modificación BPMSU
--
082 ## - NÚMERO DE CLASIFICACIÓN DECIMAL DE DEWEY
Classification number 580
Item number G943v
245 10 - MENCIÓN DE TITULO
Título Guía visual del mundo vegetal /
Mención de responsabilidad Adriana Cuenca ; ilustraciones Luis Nuñez, Luis Retta
260 0# - PUBLICACIÓN, DISTRIBUCIÓN, ETC. (PIE DE IMPRENTA)
Lugar de publicación, distribución, etc Buenos Aires, Argentina :
Nombre del editor, distribuidor, etc. Cultural Librera Americana,
Fecha de publicación, distribución, etc 2009.
300 ## - DESCRIPCIÓN FÍSICA
Extensión 64 p. :
Otros detalles físicos il., retrato
Dimensiones 39 cm.
500 ## - NOTA GENERAL
Nota general Incluye glosario.
505 2# - NOTA DE CONTENIDO
Título El reino de las plantas --
-- La diversidad vegetal --
Información miscelánea Plantas con semillas :
Título Un mundo complejo --
-- Las angiospermas --
-- Las gimnospermas --
-- La raíz --
-- El tallo --
-- Las hojas --
-- Las flores --
-- Las inflorescencias --
-- Las semillas --
-- Los frutos --
-- Los árboles --
-- Los árboles gigantes --
-- Las plantas carnívoras --
Información miscelánea Plantas sin semillas :
Título Los helechos y las hepáticas --
Información miscelánea Otros reinos --
Título Las algas y los musgos --
-- Los hongos y los líquenes --
Información miscelánea Procesos vitales --
Título Los procesos de los vegetales --
-- Los tropismos --
-- Las plantas y el medio --
-- Ecosistemas terrestres --
-- Ecosistemas acuáticos --
-- Los cultivos y la economía --
-- Glosario --
600 00 - ENCABEZAMIENTO DE MATERIA--NOMBRE PERSONAL
Nombre personal
Subdivisión temática general
650 #4 - ENCABEZAMIENTO DE MATERIA--TEMÁTICO
Término temático o nombre geográfico como elemento de entrada BOTÁNICA
650 #4 - ENCABEZAMIENTO DE MATERIA--TEMÁTICO
Término temático o nombre geográfico como elemento de entrada DIVERSIDAD BIOLÓGICA
650 #4 - ENCABEZAMIENTO DE MATERIA--TEMÁTICO
Término temático o nombre geográfico como elemento de entrada ANATOMÍA VEGETAL
650 #4 - ENCABEZAMIENTO DE MATERIA--TEMÁTICO
Término temático o nombre geográfico como elemento de entrada TAXOMÍA VEGETAL
700 12 - ASIENTO SECUNDARIO -- NOMBRE PERSONAL
Nombre personal Cuenca, Adriana
Mención de responsabilidad redacción
700 12 - ASIENTO SECUNDARIO -- NOMBRE PERSONAL
Nombre personal Nuñez, Luis
Mención de responsabilidad il.
700 12 - ASIENTO SECUNDARIO -- NOMBRE PERSONAL
Nombre personal Retta, Luis
Mención de responsabilidad il.
942 ## - ADDED ENTRY ELEMENTS (KOHA)
Source of classification or shelving scheme Dewey Decimal Classification
Koha item type Libros
945 ## - INFORMACIÓN DE PROCESAMIENTO LOCAL
Información de procesamiento local Inventariado extranjero / 2017 VM
956 ## - LOCAL ELECTRONIC LOCATION AND ACCESS (OCLC)
Método de acceso YLOCKWARD
Materiales especificados 10
Campo enlazado y núm. de secuencia BPMSU
Existencias
Withdrawn status Lost status Source of classification or shelving scheme Damaged status Not for loan Collection code Home library Current library Date acquired Source of acquisition Total Checkouts Full call number Barcode Date last seen Price effective from Koha item type Copy number
    Dewey Decimal Classification     Colección General Biblioteca Pública Metropolitana Salomé Ureña Biblioteca Pública Metropolitana Salomé Ureña 10/17/2016   580 G943v BPMSU16100177 10/17/2016 10/17/2016 Libros  
    Dewey Decimal Classification     Colección General Biblioteca Pública Metropolitana Salomé Ureña Biblioteca Pública Metropolitana Salomé Ureña 10/17/2016   580 G943v BPMSU16100178 10/17/2016 10/17/2016 Libros e. 2